Thi ca bình dân Việt Nam: Tòa lâu đài văn hóa dân tộc

Zapisane w:
Opis bibliograficzny
1. autor: Nguyễn Tấn Long
Format: Książka
Język:Undetermined
Wydane: H. Hội Nhà Văn 1998
Hasła przedmiotowe:
Etykiety: Dodaj etykietę
Nie ma etykietki, Dołącz pierwszą etykiete!
Thư viện lưu trữ: Trung tâm Học liệu Trường Đại học Cần Thơ
LEADER 00567nam a2200181Ia 4500
001 CTU_53193
008 210402s9999 xx 000 0 und d
020 |b 58000 
082 |a 398.209597 
082 |b L431/T3 
100 |a Nguyễn Tấn Long 
245 0 |a Thi ca bình dân Việt Nam: Tòa lâu đài văn hóa dân tộc 
245 0 |c Nguyễn Tấn Long và Phan Canh 
260 |a H. 
260 |b Hội Nhà Văn 
260 |c 1998 
650 |a folk literature, vietnamese 
980 |a Trung tâm Học liệu Trường Đại học Cần Thơ